| 000 | 01493nam2a22002651 4500 | ||
|---|---|---|---|
| 001 | RU\NLR\INFOCOMM55\1000049638 | ||
| 005 | 20250617070752.0 | ||
| 035 | _a(NLR Aleph) 002541751 | ||
| 090 |
_a2941091 _c2941091 |
||
| 100 | _a20040518d1946 |||y0rusy50 ca | ||
| 101 | 0 | _arus | |
| 102 | _aRU | ||
| 105 | _ay ||||||||| | ||
| 200 | 0 | _aВып.108 | |
| 210 |
_d1946 _aБ. м. |
||
| 225 | 1 |
_a... _vВып.108 _i... _vТ.1, Кн.1 |
|
| 461 | 0 |
_1001RU\NLR\INFOCOMM55\1000049425 _12001#$aУченые записки$fМоск. ордена Ленина гос. ун-т им. М.В. Ломоносова$vВып.108 _92972355 _aМГУ им. М. В. Ломоносова _cМ. _d1933-1961 _fМоск. ордена Ленина гос. ун-т им. М.В. Ломоносова _tУченые записки _vВып.108 |
|
| 462 | 0 |
_1001RU\NLR\INFOCOMM55\1000049636 _12001#$aУченые записки$iГеология$fМоск. ордена Ленина гос. ун-т имени М.В. Ломоносова$vТ.1, Кн.1 _92941074 _aМосковский университет им. М.В. Ломоносова _cМ. _d1939-1956 _fМоск. ордена Ленина гос. ун-т имени М.В. Ломоносова _iГеология _nИзд-во Моск. ун-та _tУченые записки. - Ученые записки _vТ.1, Кн.1 |
|
| 801 | 1 |
_aRU _bInfoComm _c20040518 |
|
| 801 | 0 |
_aRU _bNLR _gPSBO |
|
| 852 |
_aNLR _jП1/158 |
||
| 942 | _cISSUE | ||
| 980 | _aNB | ||
| 980 | _aRUSPER | ||